[Event "ICS Rated blitz match"]
[Site "204.178.125.65"]
[Date "1999.09.20"]
[Round "?"]
[White "Hossa"]
[Black "PUBCHESS"]
[Result "1-0"]
[WhiteElo "2417"]
[BlackElo "2358"]
[PlyCount "61"]
[EventDate "1999.??.??"]

1. e4 c5 2. Nf3 d6 3. d4 cxd4 4. Nxd4 Nf6 5. Nc3 g6 6. Bc4 Bg7 7. h3 O-O 8. Bb3
Nc6 9. Be3 Bd7 10. O-O a6 11. Qd3 Na5 12. Rfd1 b5 13. Bg5 Rc8 14. f3 Nc4 15.
Rab1 Qa5 16. Nce2 e5 17. Bxc4 bxc4 18. Qd2 exd4 19. Qxa5 Rc5 20. Qd2 d3 21.
cxd3 cxd3 22. Nc1 Bb5 23. Bxf6 Bxf6 24. Nxd3 Rc4 25. b3 Rd4 26. Qf4 Bg7 27. Nf2
Rxd1+ 28. Rxd1 Be5 29. Qe3 Rc8 30. f4 Bg7 31. Rxd6 {PUBCHESS resigns} 1-0

[Event "ICS Rated blitz match"]
[Site "204.178.125.65"]
[Date "1999.09.20"]
[Round "?"]
[White "Hossa"]
[Black "PUBCHESS"]
[Result "1-0"]
[WhiteElo "2357"]
[BlackElo "2346"]
[PlyCount "117"]
[EventDate "1999.??.??"]

1. e4 c5 2. Nf3 d6 3. Bb5+ Nd7 4. O-O Ngf6 5. d3 e6 6. Bg5 Be7 7. c4 O-O 8. Nc3
h6 9. Be3 Nb8 10. Rc1 Qc7 11. b3 a6 12. Ba4 b6 13. d4 cxd4 14. Nxd4 Bb7 15. Qf3
Rd8 16. Nd5 exd5 17. cxd5 Qxc1 18. Rxc1 b5 19. Nf5 Bf8 20. Bd4 Nbd7 21. Rc7
Rac8 22. Bxf6 Nxf6 23. Rxc8 Rxc8 24. g4 Nd7 25. Qg3 Ne5 26. Bxb5 axb5 27. a4 b4
28. Qe3 Rc3 29. Qb6 Bc8 30. Qxb4 Rc1+ 31. Kg2 g6 32. Nxd6 Bxg4 33. Qb8 Bf3+ 34.
Kg3 g5 35. h3 Rg1+ 36. Kh2 Rh1+ 37. Kg3 h5 38. Nf5 h4+ 39. Nxh4 Rg1+ 40. Kh2
gxh4 41. Kxg1 f6 42. b4 Bxe4 43. d6 Nf7 44. d7 Bf5 45. d8=R Nxd8 46. Qxd8 Bxh3
47. Qd3 Be6 48. Qg6+ Bg7 49. Qe8+ Kh7 50. Qxe6 h3 51. a5 h2+ 52. Kh1 Bf8 53.
Qf7+ Bg7 54. a6 Kh6 55. a7 Bh8 56. a8=Q Kg5 57. Qg2+ Kf5 58. Qf3+ Ke5 59. Q7d5#
{PUBCHESS checkmated} 1-0

[Event "ICS Rated blitz match"]
[Site "204.178.125.65"]
[Date "1999.09.20"]
[Round "?"]
[White "Hossa"]
[Black "PUBCHESS"]
[Result "0-1"]
[WhiteElo "2460"]
[BlackElo "2342"]
[PlyCount "112"]
[EventDate "1999.??.??"]

1. e4 c5 2. Nf3 d6 3. d4 cxd4 4. Nxd4 Nf6 5. Nc3 g6 6. Bc4 Bg7 7. h3 O-O 8. Bb3
Nc6 9. Be3 Bd7 10. O-O a6 11. Qd2 Na5 12. Bh6 Rc8 13. Rad1 Nc4 14. Bxc4 Rxc4
15. Bxg7 Kxg7 16. Rfe1 Qb8 17. Nd5 Nxd5 18. exd5 Qd8 19. Qe2 Rc5 20. Qxe7 Qxe7
21. Rxe7 Rd8 22. Ne6+ Bxe6 23. dxe6 Kf6 24. Rd7 Rxd7 25. exd7 Ke7 26. Rxd6 Kd8
27. Rf6 Rxc2 28. Rxf7 Rxb2 29. a4 Rb4 30. Rxh7 Rxa4 31. Rg7 Rd4 32. Rxg6 Kxd7
33. g3 a5 34. Rb6 Kc7 35. Rb2 a4 36. f3 a3 37. Rc2+ Kd6 38. Ra2 Ra4 39. f4 b5
40. g4 b4 41. Rd2+ Ke7 42. Re2+ Kf7 43. Rc2 a2 44. Rc7+ Ke8 45. Rc8+ Kd7 46.
Rc1 a1=Q 47. Rxa1 Rxa1+ 48. Kf2 b3 49. f5 b2 50. Ke3 b1=Q 51. h4 Qc1+ 52. Ke4
Ra4+ 53. Kd3 Qa3+ 54. Kc2 Rxg4 55. h5 Rg2+ 56. Kd1 56... Qa1# {Hossa checkmated
} 0-1

[Event "ICS Rated blitz match"]
[Site "204.178.125.65"]
[Date "1999.09.23"]
[Round "?"]
[White "Hossa"]
[Black "PUBCHESS"]
[Result "1-0"]
[WhiteElo "2386"]
[BlackElo "2218"]
[PlyCount "119"]
[EventDate "1999.??.??"]

1. Nf3 d5 2. g3 c6 3. Bg2 Nf6 4. O-O Bg4 5. Ne5 Bh5 6. d4 Nbd7 7. c4 e6 8. Bg5
Be7 9. Nxd7 Nxd7 10. Bxe7 Qxe7 11. cxd5 exd5 12. Nc3 O-O 13. Rc1 a5 14. Re1
Rfe8 15. Qd3 Bg6 16. Qd2 Qb4 17. a3 Qb3 18. e4 dxe4 19. Re3 Nf6 20. Nxe4 Nxe4
21. Bxe4 Qb5 22. Bxg6 hxg6 23. Rc5 Qb6 24. Rxa5 Rad8 25. Rxe8+ Rxe8 26. Re5 Rd8
27. Re4 Qb3 28. f4 Rd5 29. Kf2 Qc4 30. Qc3 Qb5 31. Re8+ Kh7 32. g4 g5 33. Re7
f6 34. f5 Rd8 35. b4 Qd5 36. Qh3+ Kg8 37. Qe3 Qh1 38. Rxg7+ Kxg7 39. Qe7+ Kh6
40. Qxf6+ Kh7 41. Qg6+ Kh8 42. Qh6+ Kg8 43. Qxg5+ Kh7 44. Qe7+ Kh6 45. Qf6+ Kh7
46. Qh4+ Kg7 47. Qxd8 Qxh2+ 48. Kf3 Qh3+ 49. Kf4 Qh2+ 50. Ke3 Qg3+ 51. Kd2 Qf4+
52. Kc2 Qf2+ 53. Kb3 Qf3+ 54. Kc4 Qe2+ 55. Kc5 Qb5+ 56. Kd6 Qd5+ 57. Kc7 Qb5
58. f6+ Kg6 59. Qe7 Qa6 60. Qg7# {PUBCHESS checkmated} 1-0

[Event "ICS Rated blitz match"]
[Site "204.178.125.65"]
[Date "1999.09.28"]
[Round "?"]
[White "Hossa"]
[Black "PUBCHESS"]
[Result "1-0"]
[WhiteElo "2410"]
[BlackElo "2251"]
[PlyCount "145"]
[EventDate "1999.??.??"]

1. e4 c5 2. Nf3 d6 3. d4 cxd4 4. Nxd4 Nf6 5. Nc3 e6 6. Bg5 Be7 7. Bb5+ Nbd7 8.
O-O a6 9. Bxf6 Bxf6 10. Bxd7+ Bxd7 11. Qd3 Rc8 12. Nde2 Be7 13. Rfd1 Bc6 14.
Nd4 Qc7 15. Nxc6 Qxc6 16. Qg3 O-O 17. Qe3 b5 18. Qd4 Rfd8 19. Rd3 Bf6 20. Qb4
Qc4 21. a3 Bxc3 22. Rxc3 Qxb4 23. axb4 Rxc3 24. bxc3 Ra8 25. f4 Kf8 26. Kf2 Ke7
27. Ke3 Kd7 28. Kd3 Kc6 29. Ra5 Kb6 30. g3 Rc8 31. g4 f6 32. Ra2 g6 33. h3 Rh8
34. Ra5 h5 35. g5 fxg5 36. fxg5 Rf8 37. Ke3 Rf1 38. c4 bxc4 39. Kd4 Rf4 40. Ra3
d5 41. Ke5 Rxe4+ 42. Kf6 d4 43. Ra1 Kb5 44. Kxg6 Kxb4 45. Kxh5 Kc3 46. g6 Re2
47. Rg1 d3 48. g7 d2 49. g8=Q Re1 50. Qg3+ Kxc2 51. Rxe1 dxe1=Q 52. Qxe1 c3 53.
Kg4 a5 54. Qxc3+ Kxc3 55. h4 a4 56. h5 a3 57. h6 a2 58. h7 Kc2 59. h8=Q Kb1 60.
Qh7+ Kb2 61. Qh2+ Kb1 62. Qh1+ Kb2 63. Qg2+ Kb1 64. Qf1+ Kb2 65. Qf2+ Kb1 66.
Qe1+ Kb2 67. Qb4+ Kc2 68. Qa3 Kb1 69. Qb3+ Kc1 70. Qxa2 e5 71. Kf3 e4+ 72. Ke3
Kd1 73. Qb1# {PUBCHESS checkmated} 1-0

[Event "ICS Rated blitz match"]
[Site "204.178.125.65"]
[Date "1999.09.28"]
[Round "?"]
[White "Hossa"]
[Black "PUBCHESS"]
[Result "1-0"]
[WhiteElo "2421"]
[BlackElo "2291"]
[PlyCount "57"]
[EventDate "1999.??.??"]

1. e4 c5 2. Nf3 d6 3. d4 cxd4 4. Nxd4 Nf6 5. Nc3 e6 6. Bg5 Be7 7. Bb5+ Nbd7 8.
O-O O-O 9. Be3 a6 10. Bd3 Qc7 11. Qe2 b5 12. Bf4 Bb7 13. a3 Rfe8 14. Nf3 Rac8
15. Rfc1 Bc6 16. Rd1 Qb7 17. Nd4 e5 18. Nxc6 Qxc6 19. Bg5 h6 20. Bh4 Bf8 21.
Qf3 Nh7 22. a4 b4 23. Nd5 Rb8 24. a5 Nc5 25. Be2 Ne6 26. c4 bxc3 27. bxc3 Rb2
28. Nb4 Nc5 29. Nxc6 {PUBCHESS resigns} 1-0

[Event "ICS Rated blitz match"]
[Site "204.178.125.65"]
[Date "1999.10.11"]
[Round "?"]
[White "Hossa"]
[Black "PackMaster"]
[Result "0-1"]
[WhiteElo "2402"]
[BlackElo "2466"]
[PlyCount "109"]
[EventDate "1999.??.??"]

1. e4 d5 2. e5 c5 3. c3 Nc6 4. d4 cxd4 5. cxd4 Qb6 6. Nc3 Qxd4 7. Qxd4 Nxd4 8.
Nxd5 Nc2+ 9. Kd1 Nxa1 10. Nc7+ Kd8 11. Nxa8 Be6 12. Be3 b6 13. b3 Bf5 14. Nf3
Nc2 15. Bf4 Nb4 16. a3 Nd5 17. Bd2 e6 18. b4 Kc8 19. Nh4 Kb8 20. Nxf5 exf5 21.
Bb5 Nge7 22. Be8 Kxa8 23. Bxf7 f4 24. g3 g5 25. Rg1 Bh6 26. h4 fxg3 27. fxg3
Bg7 28. Re1 gxh4 29. gxh4 Rf8 30. e6 Rc8 31. Rf1 Rc4 32. Bg5 h6 33. Bxe7 Nxe7
34. Be8 Be5 35. h5 Rc3 36. Rf8 Kb7 37. a4 Nd5 38. b5 Kc7 39. Bc6 Rc5 40. Ke2
Kd6 41. Bxd5 Rxd5 42. Kf3 Rd3+ 43. Ke2 Rh3 44. Rg8 Rxh5 45. Rg6 Rh4 46. Kd3
Rxa4 47. Rxh6 Rb4 48. Rh7 Kxe6 49. Rxa7 Rxb5 50. Ke2 Rd5 51. Rb7 b5 52. Rb6+
Kd7 53. Rh6 Bc3 54. Ra6 b4 55. Rh6 {Hossa resigns} 0-1

[Event "ICS Rated blitz match"]
[Site "204.178.125.65"]
[Date "1999.10.06"]
[Round "?"]
[White "Hossa"]
[Black "PackMaster"]
[Result "0-1"]
[WhiteElo "2523"]
[BlackElo "2596"]
[PlyCount "97"]
[EventDate "1999.??.??"]

1. e4 d5 2. exd5 Qxd5 3. Nc3 Qa5 4. d4 Nf6 5. Nf3 Bg4 6. h3 Bh5 7. g4 Bg6 8.
Bd2 e6 9. Bb5+ c6 10. Nd5 Qd8 11. Nxf6+ Qxf6 12. Be2 Be4 13. c3 h6 14. O-O Nd7
15. Be3 Nb6 16. Re1 Nd5 17. Nd2 Bg6 18. Qa4 Nxe3 19. fxe3 Qh4 20. Bf1 Qg3+ 21.
Bg2 h5 22. Nf1 Qd6 23. g5 Be7 24. Qb3 O-O-O 25. h4 Kb8 26. c4 f6 27. c5 Qd7 28.
Nh2 e5 29. dxe5 fxg5 30. hxg5 Bxc5 31. Rac1 Qe7 32. Kh1 Rd3 33. Qc2 Bb4 34. Nf3
Be4 35. Rf1 Rxe3 36. Qf2 Bc5 37. b4 Bb6 38. Qg3 h4 39. Qg4 h3 40. Bxh3 Qxb4 41.
Kh2 Qb2+ 42. Qg2 Re2 43. Kg3 Rxg2+ 44. Bxg2 Bxf3 45. Kxf3 Qxe5 46. Kg4 Qe2+ 47.
Rf3 Qxg2+ 48. Kf4 Rf8+ 49. Ke5 {Hossa resigns} 0-1

[Event "ICS Rated blitz match"]
[Site "204.178.125.65"]
[Date "1999.08.27"]
[Round "?"]
[White "Hossa"]
[Black "Panthee"]
[Result "1-0"]
[WhiteElo "2385"]
[BlackElo "2181"]
[PlyCount "94"]
[EventDate "1999.??.??"]

1. Nf3 d5 2. d4 Bf5 3. Bf4 Nf6 4. e3 e6 5. Be2 Bd6 6. Bxd6 Qxd6 7. Nh4 Bg6 8.
O-O O-O 9. c4 dxc4 10. Nxg6 hxg6 11. Na3 Nbd7 12. Nxc4 Qe7 13. Bf3 c6 14. Qb3
Rab8 15. Qc3 Nb6 16. Ne5 Nbd5 17. Qd3 Nd7 18. Nxd7 Qxd7 19. e4 Nb6 20. Qc3 Rfd8
21. Rad1 Qe7 22. a3 Rd7 23. Qa5 Qd8 24. b4 Nc4 25. Qxa7 Ra8 26. Qc5 Nxa3 27.
Be2 Nb5 28. Bxb5 cxb5 29. Qxb5 Rxd4 30. Rxd4 Qxd4 31. Qxb7 Ra1 32. g3 Rxf1+ 33.
Kxf1 Kh7 34. b5 g5 35. Qxf7 Qc4+ 36. Kg2 Qxe4+ 37. Qf3 Qb4 38. Qd3+ Kh6 39. Qe2
g4 40. Qxe6+ g6 41. b6 Kg7 42. Qc6 Kh6 43. b7 Kh5 44. h4 gxh3+ 45. Kxh3 Qg4+
46. Kh2 Qb4 47. Qf6 47... Kh6 {Panthee resigns} 1-0

[Event "ICS Rated blitz match"]
[Site "204.178.125.65"]
[Date "1999.08.27"]
[Round "?"]
[White "Hossa"]
[Black "Panthee"]
[Result "1-0"]
[WhiteElo "2368"]
[BlackElo "2198"]
[PlyCount "43"]
[EventDate "1999.??.??"]

1. Nf3 d5 2. d4 Nf6 3. e3 Bf5 4. Bb5+ c6 5. Bd3 Bxd3 6. cxd3 e6 7. O-O Be7 8.
Nc3 O-O 9. e4 Nfd7 10. Be3 f5 11. e5 Qe8 12. Ne2 Kh8 13. Rc1 Rg8 14. Qb3 Nb6
15. a4 Qd7 16. a5 Nc8 17. Nf4 Na6 18. Nxe6 Qxe6 19. Qxb7 Rb8 20. Qxa6 Rxb2 21.
Rxc6 Qd7 22. Rfc1 {Panthee resigns} 1-0

[Event "ICS Rated blitz match"]
[Site "204.178.125.65"]
[Date "1999.09.22"]
[Round "?"]
[White "Hossa"]
[Black "Pepero"]
[Result "1-0"]
[WhiteElo "2273"]
[BlackElo "2204"]
[PlyCount "57"]
[EventDate "1999.??.??"]

1. d4 g6 2. e4 Bg7 3. Bc4 d6 4. Ne2 c6 5. Bg5 b5 6. Bd3 Nd7 7. a4 b4 8. O-O a5
9. c3 Rb8 10. Nd2 c5 11. Nc4 Ngf6 12. e5 dxe5 13. dxe5 Nd5 14. Be4 N7b6 15.
Nd6+ Kf8 16. Bxd5 Nxd5 17. Qxd5 Be6 18. Qf3 Bxe5 19. Nb5 bxc3 20. Rad1 Qb6 21.
Bh6+ Ke8 22. Qe4 f6 23. bxc3 Kf7 24. f4 Bc7 25. Nxc7 Qxc7 26. Ng3 Rb3 27. Rfe1
Qb6 28. Re3 Rb8 29. Rde1 {Pepero resigns} 1-0

[Event "ICS Rated blitz match"]
[Site "204.178.125.65"]
[Date "1999.10.12"]
[Round "?"]
[White "Hossa"]
[Black "Poisoned-Pawn"]
[Result "1-0"]
[WhiteElo "2450"]
[BlackElo "2120"]
[PlyCount "49"]
[EventDate "1999.??.??"]

1. e4 c5 2. Nf3 d6 3. d4 cxd4 4. Nxd4 Nf6 5. Nc3 a6 6. Bg5 e6 7. f4 Qb6 8. Nb3
Nbd7 9. Qd2 Be7 10. O-O-O Qc7 11. Be2 b5 12. Bf3 Bb7 13. Qe3 O-O-O 14. Rhf1 Kb8
15. Rfe1 Rhe8 16. e5 dxe5 17. fxe5 Bxf3 18. gxf3 Ng8 19. Bxe7 Nxe7 20. f4 Nb6
21. Nc5 Ka7 22. N3e4 Nc4 23. Qg1 Qb6 24. b3 Na3 25. Qxg7 {Poisoned-Pawn resigns
} 1-0

[Event "ICS Rated blitz match"]
[Site "204.178.125.65"]
[Date "1999.10.12"]
[Round "?"]
[White "Hossa"]
[Black "Poisoned-Pawn"]
[Result "1-0"]
[WhiteElo "2431"]
[BlackElo "2139"]
[PlyCount "55"]
[EventDate "1999.??.??"]

1. e4 c5 2. Nf3 d6 3. d4 cxd4 4. Nxd4 Nf6 5. Nc3 a6 6. Bg5 e6 7. f4 Qb6 8. Nb3
Nbd7 9. Qd2 Be7 10. O-O-O Qc7 11. Be2 b5 12. Bf3 Bb7 13. Qe3 O-O-O 14. Rhf1 Kb8
15. Rfe1 Rhe8 16. e5 dxe5 17. fxe5 Bxf3 18. gxf3 Ng8 19. Bxe7 Nxe7 20. f4 Nf5
21. Qe4 Nb6 22. Qb4 Nc4 23. Rxd8+ Rxd8 24. a4 Qb6 25. axb5 axb5 26. Nxb5 Nfe3
27. N3d4 Rxd4 28. Nxd4 {Poisoned-Pawn resigns} 1-0

[Event "ICS Rated blitz match"]
[Site "204.178.125.65"]
[Date "1999.09.13"]
[Round "?"]
[White "Hossa"]
[Black "PostModernist"]
[Result "0-1"]
[WhiteElo "2373"]
[BlackElo "2482"]
[PlyCount "104"]
[EventDate "1999.??.??"]

1. d4 Nf6 2. c4 e6 3. Nc3 Bb4 4. Qc2 O-O 5. a3 Bxc3+ 6. Qxc3 b5 7. cxb5 c6 8.
bxc6 Nxc6 9. Bg5 Bb7 10. e3 Qb6 11. Bxf6 gxf6 12. Ne2 Rfc8 13. b4 a5 14. bxa5
Rxa5 15. Qd2 Rca8 16. Nc1 Rxa3 17. Rxa3 Rxa3 18. Be2 Qb4 19. Qxb4 Nxb4 20. Kd2
Kg7 21. Rg1 h6 22. f4 Be4 23. Bf3 f5 24. Bxe4 fxe4 25. g4 Nd5 26. Re1 f5 27. g5
hxg5 28. fxg5 Kg6 29. h4 d6 30. Re2 e5 31. dxe5 dxe5 32. Re1 Rc3 33. Re2 Kh5
34. Re1 Rc6 35. Rg1 Rb6 36. g6 Rxg6 37. Rxg6 Kxg6 38. Ke2 f4 39. exf4 exf4 40.
Nb3 Kf5 41. Nc5 Nc3+ 42. Kd2 f3 43. Ke3 Nd1+ 44. Kd2 f2 45. Ke2 Kf4 46. h5 e3
47. Nd3+ Kg3 48. Kf1 Nc3 49. Nxf2 exf2 50. h6 Nb1 51. h7 Kf3 52. h8=Q 52...
Nd2# {Hossa checkmated} 0-1

[Event "ICS Rated blitz match"]
[Site "204.178.125.65"]
[Date "1999.10.05"]
[Round "?"]
[White "Hossa"]
[Black "PostModernist"]
[Result "0-1"]
[WhiteElo "2432"]
[BlackElo "2608"]
[PlyCount "123"]
[EventDate "1999.??.??"]

1. d4 d6 2. e4 Nf6 3. f3 d5 4. exd5 Nxd5 5. Ne2 Bf5 6. g4 Bg6 7. Bg2 e6 8. O-O
Bd6 9. f4 Qh4 10. h3 c6 11. c4 Ne7 12. Nd2 O-O 13. Nf3 Qf6 14. Ng3 Nc8 15. Ne5
Bxe5 16. fxe5 Qe7 17. b3 Nd7 18. Ne2 Rd8 19. Bd2 Ndb6 20. Bf4 Rb8 21. Qd2 Qe8
22. h4 h6 23. a4 Ne7 24. h5 Bh7 25. Rf2 Nd7 26. Bxh6 gxh6 27. Qxh6 Qf8 28. Qg5+
Kh8 29. Raf1 Bg8 30. Nf4 Qg7 31. Qxe7 Nf8 32. Rd2 Qxg4 33. Qf6+ Qg7 34. Qh4 Qh6
35. Rdd1 Rd7 36. Rd3 Bh7 37. Rd2 Bf5 38. b4 Nh7 39. Rdd1 Bc2 40. Rc1 Bxa4 41.
Qf2 Rbd8 42. Qe3 Qg5 43. Ra1 b5 44. cxb5 Bxb5 45. Rfd1 Qh4 46. Rac1 Rg8 47. Rd2
Ng5 48. Rf1 Bxf1 49. Kxf1 Rb7 50. Rb2 Rb6 51. Qc1 a5 52. Qe3 axb4 53. Rf2 Ra6
54. Qc1 Rga8 55. Bxc6 Ra1 56. Ne2 Rxc1+ 57. Nxc1 Ra1 58. Rc2 b3 59. h6 b2 60.
Rxb2 Rxc1+ 61. Kg2 Qg4+ 62. Kf2 {Hossa resigns} 0-1

[Event "ICS Rated blitz match"]
[Site "204.178.125.65"]
[Date "1999.10.06"]
[Round "?"]
[White "Hossa"]
[Black "PostModernist"]
[Result "0-1"]
[WhiteElo "2495"]
[BlackElo "2711"]
[PlyCount "137"]
[EventDate "1999.??.??"]

1. e4 c5 2. Nf3 Nc6 3. d4 cxd4 4. Nxd4 g6 5. c4 Nf6 6. Nc3 d6 7. Nxc6 bxc6 8.
c5 Rb8 9. Qa4 Qd7 10. Qa3 dxc5 11. Qxc5 Ng4 12. f3 e5 13. Qc4 Nf6 14. b3 Be7
15. Bh6 Rb4 16. Qe2 Rd4 17. Qb2 Qc7 18. Be2 Qa5 19. O-O Ba3 20. Qc2 Nd7 21. Nb5
Bc5 22. Nxd4 Bxd4+ 23. Kh1 Bxa1 24. Qxc6 Qc5 25. Qxc5 Nxc5 26. Rxa1 Ne6 27. Be3
a6 28. Rd1 Ke7 29. b4 Rd8 30. Rd5 f6 31. Bc5+ Nxc5 32. bxc5 Rd7 33. Rd1 Rd4 34.
c6 Kd6 35. Rc1 Kc7 36. Bc4 f5 37. Bd5 fxe4 38. fxe4 Bg4 39. h3 Rd1+ 40. Rxd1
Bxd1 41. h4 Ba4 42. Bg8 h6 43. Bh7 g5 44. g3 gxh4 45. gxh4 Kxc6 46. Kg2 Kc5 47.
Kf3 Kd4 48. Bf5 Bd1+ 49. Kf2 a5 50. Bg6 a4 51. Bf7 Kxe4 52. Ke1 Bg4 53. a3 Bd7
54. Kf2 Kd3 55. Bg6+ Kc3 56. Kf3 Kb2 57. Ke4 Kxa3 58. Kxe5 Kb2 59. Bf7 a3 60.
Kf6 Ba4 61. h5 Bb3 62. Bg6 a2 63. Kg7 a1=Q 64. Kf6 Kc1+ 65. Ke7 Qe5+ 66. Kd7
Ba4+ 67. Kc8 Qe7 68. Bd3 Qd7+ 69. Kb8 {Hossa resigns} 0-1

[Event "ICS Rated blitz match"]
[Site "204.178.125.65"]
[Date "1999.10.13"]
[Round "?"]
[White "Hossa"]
[Black "PostModernist"]
[Result "0-1"]
[WhiteElo "2410"]
[BlackElo "2624"]
[PlyCount "157"]
[EventDate "1999.??.??"]

1. e4 c5 2. Nf3 e6 3. d4 cxd4 4. Nxd4 Nc6 5. Nc3 Qc7 6. Ndb5 Qb8 7. Bc4 d6 8.
Bf4 Ne5 9. Bb3 a6 10. Nd4 Nf6 11. O-O Be7 12. Qe2 O-O 13. Rad1 Bd7 14. Rd2 Ng6
15. Bg3 b5 16. a3 Rd8 17. f4 e5 18. fxe5 Nxe5 19. Nd5 Re8 20. Nxe7+ Rxe7 21.
Bh4 Neg4 22. Bxf6 Nxf6 23. Qf3 Bg4 24. Qd3 Qe8 25. h3 Bd7 26. Re2 Rd8 27. Bd5
Re5 28. c3 Qe7 29. Nf3 Rh5 30. Rc2 Nxd5 31. exd5 Bf5 32. Qe2 Qxe2 33. Rxe2 Bd3
34. Re7 Bxf1 35. Kxf1 Rxd5 36. Nd4 Ra8 37. Rd7 g6 38. Kf2 Kf8 39. Kg3 Ke8 40.
Rb7 Re5 41. Kf4 h5 42. Rb6 Kd7 43. Rb7+ Kc8 44. Rxf7 g5+ 45. Kf3 Re1 46. Nf5
Re6 47. Rg7 g4+ 48. hxg4 hxg4+ 49. Kxg4 Rb8 50. Ra7 Rb6 51. Kf3 Rf6 52. Ke4 Kb8
53. Rd7 Rc6 54. Kf4 Rc4+ 55. Kg5 Rf8 56. g3 Rc5 57. g4 Rc4 58. Rg7 d5 59. Kh5
Rh8+ 60. Nh6 d4 61. cxd4 Rxd4 62. Kg5 Rd2 63. b3 Rd3 64. Nf7 Rhh3 65. Ne5 Rxb3
66. Nd7+ Kc8 67. Nb6+ Kd8 68. a4 bxa4 69. Rg8+ Kc7 70. Nxa4 Rb5+ 71. Kf4 Rb4+
72. Ke5 Rxa4 73. g5 Ra5+ 74. Kf4 Rh4+ 75. Kg3 Rd4 76. Rg6 Rf5 77. Rxa6 Rxg5+
78. Kf3 Rf5+ 79. Kg3 {Hossa resigns} 0-1

[Event "ICS Rated blitz match"]
[Site "204.178.125.65"]
[Date "1999.10.13"]
[Round "?"]
[White "Hossa"]
[Black "PostModernist"]
[Result "0-1"]
[WhiteElo "2412"]
[BlackElo "2622"]
[PlyCount "66"]
[EventDate "1999.??.??"]

1. e4 c5 2. Nf3 d6 3. Nc3 e6 4. Bb5+ Bd7 5. Bc4 Nf6 6. Bb3 Be7 7. e5 dxe5 8.
Nxe5 Qc7 9. Nxd7 Nbxd7 10. O-O c4 11. Ba4 O-O 12. b3 Nb6 13. Bb5 Bd6 14. h3 a6
15. Bxc4 Nxc4 16. bxc4 Qxc4 17. Re1 Qf4 18. g3 Qf5 19. Kg2 b5 20. Bb2 Rac8 21.
a3 Rfd8 22. Ra2 Bb8 23. Ra1 Ba7 24. f3 Bd4 25. Qc1 Qg6 26. Rb1 Nh5 27. g4 Nf4+
28. Kg3 Qh6 29. h4 Qxh4+ 30. Kxh4 Bf2+ 31. Kg5 f6+ 32. Kxf4 g5+ 33. Ke4 33...
Rd4# {Hossa checkmated} 0-1

[Event "ICS Rated blitz match"]
[Site "204.178.125.65"]
[Date "1999.10.04"]
[Round "?"]
[White "Hossa"]
[Black "PostModernist"]
[Result "0-1"]
[WhiteElo "2355"]
[BlackElo "2568"]
[PlyCount "105"]
[EventDate "1999.??.??"]

1. e4 c5 2. c3 d6 3. d4 Nf6 4. Bd3 g6 5. Bg5 Bg7 6. Nf3 O-O 7. O-O Bg4 8. Nbd2
cxd4 9. cxd4 Nc6 10. Qb3 e5 11. dxe5 Nxe5 12. Be2 Qe7 13. Rac1 Rfc8 14. Qe3
Nxf3+ 15. Bxf3 Bxf3 16. Qxf3 Qe5 17. Bxf6 Qxf6 18. Qxf6 Bxf6 19. b3 b5 20. a4
a6 21. Rfd1 Bb2 22. Rxc8+ Rxc8 23. g4 bxa4 24. bxa4 Rc2 25. Nb3 Be5 26. Rc1 Rb2
27. Na5 Bd4 28. Rc8+ Kg7 29. Nc4 Rxf2 30. Kh1 Rf4 31. Nxd6 Rxg4 32. h3 Rg1+ 33.
Kh2 Ra1 34. Ne8+ Kh6 35. Rc4 Be5+ 36. Kg2 Ra2+ 37. Kf1 Kg5 38. Nc7 a5 39. Na6
Ra3 40. Kg2 Rg3+ 41. Kf1 Rxh3 42. Rc5 Kf4 43. Kg2 Ra3 44. Rxa5 Ra2+ 45. Kf1 Kf3
46. Ke1 Bc3+ 47. Kd1 Bxa5 48. Nc5 Bb4 49. Na6 Rxa4 50. Nc7 Kxe4 51. Kc2 Ra7 52.
Ne8 Ke5 53. Kb2 {Hossa resigns} 0-1

[Event "ICS Rated blitz match"]
[Site "204.178.125.65"]
[Date "1999.10.14"]
[Round "?"]
[White "Hossa"]
[Black "PostModernist"]
[Result "1-0"]
[WhiteElo "2363"]
[BlackElo "2620"]
[PlyCount "185"]
[EventDate "1999.??.??"]

1. Nf3 d5 2. e3 Nf6 3. c4 e6 4. Nc3 b6 5. d4 Bb7 6. cxd5 exd5 7. Be2 Bd6 8. Nb5
Be7 9. O-O O-O 10. Nc3 c5 11. b3 Nc6 12. Ba3 Re8 13. Rc1 Rc8 14. Re1 Qd7 15.
Ne5 Qe6 16. Ng4 Nd7 17. dxc5 h5 18. Nxd5 Red8 19. e4 hxg4 20. Bxg4 Qh6 21. Bxd7
Rxd7 22. Nf6+ Qxf6 23. Qxd7 Rb8 24. Qc7 Bd8 25. Qg3 Qg5 26. Qd6 Be7 27. Qc7
bxc5 28. Red1 Bd8 29. Qd6 Be7 30. Qd7 Qf4 31. f3 a5 32. Kh1 Qh4 33. Rf1 Qg5 34.
Rfe1 Ba8 35. Rcd1 Rd8 36. Qc7 Rd2 37. Qc8+ Bf8 38. Rxd2 Qxd2 39. Rc1 Nb4 40.
Qxa8 Nc2 41. Qd5 Qxd5 42. exd5 Nxa3 43. Kg1 c4 44. bxc4 Bc5+ 45. Kf1 Be3 46.
Rc3 Bc5 47. d6 Kf8 48. Rd3 Ke8 49. Rd5 Bxd6 50. Rxd6 Nxc4 51. Rc6 Ne3+ 52. Kg1
Kd7 53. Rc3 Nd5 54. Rc5 Kd6 55. Rxa5 g6 56. Kf2 f6 57. Ra8 Kd7 58. Ra4 Kd6 59.
Rc4 f5 60. h4 Nb6 61. Rc2 f4 62. Ke2 Nd5 63. Rd2 Ke6 64. Kd3 Ke5 65. a4 Nb4+
66. Kc4 Nc6 67. Kc5 Nb8 68. Re2+ Kf6 69. Kd6 Na6 70. Rb2 Kg7 71. Rb6 Kh7 72.
Rxa6 Kh6 73. Ke5 Kg7 74. Rxg6+ Kxg6 75. a5 Kh5 76. a6 Kxh4 77. g3+ fxg3 78. a7
g2 79. a8=Q g1=Q 80. Qh8+ Kg3 81. Qg8+ Kf2 82. Qxg1+ Kxg1 83. f4 Kf2 84. f5 Ke3
85. f6 Kd3 86. f7 Kc3 87. f8=Q Kc4 88. Qf3 Kc5 89. Qc3+ Kb5 90. Kd6 Ka4 91. Qb2
Ka5 92. Kc5 Ka6 93. Qb6# {PostModernist checkmated} 1-0

[Event "ICS Rated blitz match"]
[Site "204.178.125.65"]
[Date "1999.09.20"]
[Round "?"]
[White "Hossa"]
[Black "PostModernist"]
[Result "0-1"]
[WhiteElo "2419"]
[BlackElo "2591"]
[PlyCount "127"]
[EventDate "1999.??.??"]

1. d4 Nf6 2. c4 e6 3. Nf3 d5 4. Bg5 Be7 5. Nc3 O-O 6. e3 h6 7. Bh4 b6 8. cxd5
Nxd5 9. Bxe7 Qxe7 10. Bc4 Nxc3 11. bxc3 c5 12. O-O Ba6 13. Bxa6 Nxa6 14. Qa4
Qb7 15. Rac1 Rfd8 16. Ne5 Rac8 17. Rfd1 b5 18. Qa3 cxd4 19. cxd4 f6 20. Ng6 Kf7
21. Nf4 g5 22. Qd3 f5 23. Nh5 Nb4 24. Qd2 Rxc1 25. Rxc1 Nd5 26. Qd3 Nf6 27.
Nxf6 Kxf6 28. Qe2 a6 29. g4 Rc8 30. Rc5 Rxc5 31. dxc5 Qd5 32. gxf5 exf5 33.
Qb2+ Kg6 34. Qc2 Qc6 35. e4 fxe4 36. f3 Qd7 37. Qxe4+ Kf6 38. a3 Qf5 39. Qd4+
Qe5 40. Qd8+ Kg6 41. Qg8+ Kh5 42. Kg2 Kh4 43. Qg6 Qb2+ 44. Kf1 Qc1+ 45. Kg2
Qd2+ 46. Kh1 h5 47. Qe4+ g4 48. fxg4 hxg4 49. Qe7+ Kh5 50. Qe5+ Kg6 51. Qd6+
Qxd6 52. cxd6 Kf6 53. Kg2 a5 54. d7 Ke7 55. Kg3 b4 56. a4 b3 57. Kxg4 b2 58.
Kf3 b1=Q 59. Kg3 Qg1+ 60. Kf3 Qxh2 61. d8=R Kxd8 62. Ke3 Qh4 63. Kd3 Qxa4 64.
Ke3 {Hossa resigns} 0-1

[Event "ICS Rated blitz match"]
[Site "204.178.125.65"]
[Date "1999.10.06"]
[Round "?"]
[White "Hossa"]
[Black "PostModernist"]
[Result "0-1"]
[WhiteElo "2583"]
[BlackElo "2651"]
[PlyCount "122"]
[EventDate "1999.??.??"]

1. d4 Nf6 2. Nf3 c5 3. d5 Qa5+ 4. Bd2 Qb6 5. Nc3 d6 6. e4 Bg4 7. b3 Nbd7 8. Be2
g6 9. O-O Bg7 10. Qc1 O-O-O 11. Ng5 Bxe2 12. Nxe2 Rdf8 13. Ng3 h6 14. Nf3 Nh5
15. Rb1 Nxg3 16. fxg3 e5 17. Nh4 Nf6 18. Re1 c4+ 19. Be3 Qa6 20. Bf2 Ng4 21.
Rf1 Bf6 22. Nf3 Nxf2 23. Rxf2 Bd8 24. bxc4 Bb6 25. Rxb6 Qxb6 26. Nh4 Qd4 27.
Qa3 Qxc4 28. Qxd6 Qxe4 29. Qc5+ Kb8 30. c4 Rc8 31. Qd6+ Ka8 32. Nf3 Rxc4 33.
Qxe5 Rc1+ 34. Rf1 Rxf1+ 35. Kxf1 Qb1+ 36. Ne1 Qb5+ 37. Kg1 Re8 38. Qa1 Qxd5 39.
Nf3 b6 40. Qb2 Qc5+ 41. Kf1 Kb7 42. Qb3 Re7 43. g4 b5 44. Qb2 a6 45. Qd2 b4 46.
Qf4 a5 47. h4 Qb5+ 48. Kg1 Qd5 49. g5 h5 50. Qf6 Re2 51. a3 b3 52. Qa1 b2 53.
Qf1 Qe4 54. Nd2 Qd4+ 55. Kh2 Qxh4+ 56. Kg1 Re1 57. a4 b1=Q 58. Nxb1 Qd4+ 59.
Kh2 Rxf1 60. g4 Qf2+ 61. Kh3 61... Rh1# {Hossa checkmated} 0-1

[Event "ICS Rated blitz match"]
[Site "204.178.125.65"]
[Date "1999.09.20"]
[Round "?"]
[White "Hossa"]
[Black "PostModernist"]
[Result "0-1"]
[WhiteElo "2391"]
[BlackElo "2587"]
[PlyCount "76"]
[EventDate "1999.??.??"]

1. d4 Nf6 2. Nc3 d6 3. e4 c6 4. Bd3 e5 5. dxe5 dxe5 6. Nge2 Bc5 7. O-O O-O 8.
a3 Be6 9. b4 Bd6 10. Rb1 Qe7 11. Qd2 Nbd7 12. Rd1 Rfd8 13. Ng3 a5 14. Be2 Bxb4
15. axb4 axb4 16. Qg5 Qc5 17. Rd3 bxc3 18. Rxb7 Qa5 19. f3 h6 20. Qe3 Nc5 21.
Rxd8+ Rxd8 22. Rb1 Qa2 23. Rb6 Qxc2 24. Ba3 Nb3 25. Rxc6 Qb1+ 26. Kf2 Ra8 27.
Be7 Ra1 28. Bf1 c2 29. Bxf6 gxf6 30. Qxh6 Qe1+ 31. Kg1 Nd2 32. Qxd2 Qxd2 33. h3
c1=Q 34. Rxc1 Rxc1 35. Kh2 Qe3 36. f4 exf4 37. Ne2 Rxf1 38. e5 38... Bd5 {
Hossa resigns} 0-1